000 00569nam a2200229Ia 4500
003 OSt
005 20221005122351.0
006 a|||||r|||| 00| 0
007 ta
008 221004b |||||||| |||| 00| 0 kan d
024 _a61182
037 _cTextual
040 _aCRL
_cCRL
_bkan
041 _2kan
_akan
082 _aO33,3NSH3,2, J5
100 _aRao Sheshagiri
_9631856
245 0 _aJarida kalu
260 _c1955
650 _aKANNAD LITERATURE
942 _hO33,3NSH3,2, J5
_cTEXL
_2cc
999 _c1044051
_d1044051